Biggest Modern-Day Cities In The Italian Empire - Statistics

General Stats
  • This quiz has been taken 65 times
    46 since last reset
  • The average score is 12 of 22
Answer Stats
Country Population Answer % Correct
Italy 2M Rome
100%
Ethiopia 5M Addis Ababa
93%
Italy 3M Naples
93%
Italy 1M Milan
90%
Libya 3M Tripoli
90%
Albania 520K Tirana
80%
Italy 711K Florence
75%
Italy 850K Genoa
75%
Somalia 2M Mogadishu
75%
Italy 673K Palermo
68%
Italy 886K Turin
65%
Italy 814K Bologna
58%
China 15M Tianjin
58%
Libya 1M Benghazi
53%
Eritrea 963K Asmara
48%
Italy 624K Bari
33%
Libya 984K Misrata
15%
Somalia 2M Bosaso
8%
Somalia 950K Baidoa
3%
Ethiopia 465K Dire Dawa
3%
Somalia 760K Merca
3%
Somalia 545K Galkayo
0%
No matching quizzes found
Score Distribution
Percent of People with Each Score
Percentile by Number Answered
Your Score History
You have not taken this quiz since the last reset